000 00607nam a22001937a 4500
005 20210708140615.0
008 210702b ag ||||| |||| 00| 0 spa d
020 _a9874367733
050 0 4 _aKHA3015
_bM47 2003
100 1 _aMercado Luna, Ricardo
245 1 3 _aLa libertad de prensa y su problemática existencial
_c/ Ricardo Mercado Luna
250 _a1a ed.
260 _aLa Rioja, Argentina :
_bCompañia de Libros
_c2003
300 _a130 p. ;
_c21 cm.
490 0 _aNexo Comunicación
504 _aBibliografía : p. 129-130
650 7 _2lemb
_aLibertad de prensa
_zArgentina
942 _2lcc
_cLIB
999 _c156691
_d156689